000 00263nam a22001217a 4500
041 _aENG
100 _aHouk I.E
245 _aIrrigation Engineering Volume-1
260 _aNew York
_bJohn Wiley
_c1980
300 _a545
650 _aIDE ( 05 )
856 _uIDE ( 05 )
999 _c2784
_d2784